American Patriotic Song - Over There - Statistics

General Stats
  • This quiz has been taken 5 times
  • The average score is 156 of 246
Answer Stats
Lyrics % Correct
a
100%
and
100%
And
100%
are
100%
be
100%
go
100%
That
100%
the
100%
The
100%
to
100%
To
100%
back
67%
beware-
67%
blue.
67%
come
67%
coming,
67%
coming
67%
drums
67%
Every
67%
everywhere.
67%
flag
67%
it
67%
it's
67%
me,
67%
of
67%
Over
67%
over
67%
over,
67%
prayer,
67%
prepare,
67%
proud
67%
red,
67%
rum-
67%
say
67%
send
67%
Send
67%
So
67%
there,
67%
there
67%
there.
67%
till
67%
tumming
67%
we
67%
We'll
67%
we're
67%
white,
67%
won't
67%
word,
67%
word
67%
Yanks
67%
you
67%
your
67%
away,
33%
bit.
33%
boy's
33%
calling
33%
daddy
33%
delay,
33%
die.
33%
do
33%
Doodle,
33%
fly;
33%
from
33%
get
33%
glad
33%
grit,
33%
gun,
33%
gun.
33%
had
33%
have
33%
Hear
33%
her
33%
Hoist
33%
Hun
33%
Hurry
33%
in
33%
Johnny,
33%
kit,
33%
lad.
33%
let
33%
Liberty.
33%
line.
33%
little
33%
Make
33%
mother
33%
no
33%
not
33%
old
33%
on
33%
or
33%
Pack
33%
pine,
33%
ranks
33%
right
33%
run,
33%
run.
33%
show
33%
Son
33%
son
33%
such
33%
sweetheart
33%
Take
33%
tanks.
33%
Tell
33%
them
33%
today.
33%
towns
33%
Yankee
33%
you're
33%
No matching quizzes found
Score Distribution
Percent of People with Each Score
Percentile by Number Answered
Your Score History
You have not taken this quiz